[Event "Junior Online 4NCL Division 5"]
[Site "online"]
[Date "2020.05.28"]
[Round "7.41"]
[White "Valanju, Samit"]
[Black "Sharan, Kartike"]
[Result "0-1"]
[WhiteElo "1367"]
[BlackElo "1140"]
[PlyCount "140"]
[EventDate "2020.05.28"]
[WhiteTeam "May the Fork Be With You 2"]
[BlackTeam "Phones Junior A"]

1. e4 e5 2. Nf3 Nc6 3. d4 exd4 4. Nxd4 Nf6 5. Nc3 Bc5 6. Be3 Nxd4 7. Bxd4 Bxd4
8. Qxd4 O-O 9. O-O-O d6 10. Kb1 Re8 11. Be2 Bg4 12. Bxg4 Nxg4 13. Rd2 Qe7 14.
f3 Nf6 15. Re1 d5 16. Rde2 c5 17. Qd3 d4 18. Nd5 Nxd5 19. exd5 Qd7 20. g4 Rxe2
21. Rxe2 Qxd5 22. c4 Qd6 23. h4 Qg6 24. Re4 Qf6 25. Qe2 h6 26. h5 Rd8 27. Qd3
g6 28. Kc2 gxh5 29. gxh5 Kf8 30. Kb3 Qb6+ 31. Kc2 Qb4 32. Re2 Re8 33. Rg2 Qa4+
34. Qb3 Qxb3+ 35. Kxb3 Re3+ 36. Ka4 Rxf3 37. Kb5 Rf5 38. Re2 Rxh5 39. Re4 d3
40. Re1 d2 41. Rd1 Rh2 42. Kxc5 Ke7 43. b4 f5 44. Kd4 Ke6 45. Ke3 Ke5 46. Rxd2
Rxd2 47. Kxd2 Kd4 48. c5 Kc4 49. a3 Kb3 50. Kd3 Kxa3 51. Kd4 Kxb4 52. Ke5 Kxc5
53. Kxf5 a5 54. Ke4 Kc4 55. Ke3 a4 56. Kd2 Kb3 57. Kc1 a3 58. Kb1 h5 59. Ka1 h4
60. Kb1 h3 61. Kc1 h2 62. Kd2 h1=Q 63. Kd3 Qc1 64. Kd4 a2 65. Kd5 a1=R 66. Ke5
Qc4 67. Kf5 Re1 68. Kf6 Qf4+ 69. Kg6 Rg1+ 70. Kh5 Qh2# 0-1

[Event "Junior Online 4NCL Division 5"]
[Site "online"]
[Date "2020.05.28"]
[Round "7.42"]
[White "Vadalia, Jainill"]
[Black "Lyons, Joseph"]
[Result "1-0"]
[WhiteElo "1123"]
[BlackElo "1277"]
[PlyCount "125"]
[EventDate "2020.05.28"]
[WhiteTeam "Phones Junior A"]
[BlackTeam "May the Fork Be With You 2"]

1. d4 Nf6 2. c4 g6 3. Nc3 d5 4. Nf3 Bg7 5. e3 c5 6. Be2 cxd4 7. exd4 O-O 8. O-O
Bg4 9. h3 Bxf3 10. Bxf3 Ne4 11. Nxd5 Nd6 12. Re1 e6 13. Nc3 Qd7 14. b3 Nc6 15.
Bxc6 bxc6 16. Bb2 Nf5 17. Ne2 Rad8 18. Rc1 c5 19. Qd2 Nxd4 20. Nxd4 Bxd4 21.
Bxd4 Qxd4 22. Qxd4 Rxd4 23. Red1 Rfd8 24. Rxd4 Rxd4 25. Kf1 f5 26. Ke2 a5 27.
Rd1 Re4+ 28. Kf3 Kg7 29. Rd7+ Kh6 30. Ra7 e5 31. Rxa5 Rf4+ 32. Ke2 Re4+ 33. Kf1
Rd4 34. Rxc5 e4 35. Ke2 Rd6 36. Rd5 Ra6 37. Rd2 Kg5 38. c5 Kf6 39. Rd6+ Rxd6
40. cxd6 Ke6 41. Ke3 Kxd6 42. Kd4 Kc6 43. a3 Kb6 44. b4 Kb5 45. Ke3 h5 46. f3
exf3 47. Kxf3 g5 48. g3 Kc4 49. h4 g4+ 50. Kf4 Kb5 51. Kxf5 Kc4 52. Kg5 Kb5 53.
Kxh5 Ka4 54. Kxg4 Kxa3 55. b5 Ka4 56. b6 Ka5 57. b7 Ka6 58. b8=Q Ka5 59. h5 Ka4
60. h6 Ka5 61. h7 Ka4 62. h8=Q Ka5 63. Qa1# 1-0

[Event "Junior Online 4NCL Division 5"]
[Site "online"]
[Date "2020.05.28"]
[Round "7.43"]
[White "Gill, Veer"]
[Black "Lukhi, Neev"]
[Result "0-1"]
[WhiteElo "1285"]
[BlackElo "969"]
[PlyCount "60"]
[EventDate "2020.05.28"]
[WhiteTeam "May the Fork Be With You 2"]
[BlackTeam "Phones Junior A"]

1. e4 b6 2. d4 Bb7 3. Nc3 e6 4. Bc4 Bb4 5. Qe2 Nf6 6. Bg5 h6 7. Bh4 Be7 8. e5
Bxg2 9. exf6 Bxf6 10. Bxf6 Qxf6 11. O-O-O Bxh1 12. Ne4 Qf4+ 13. Kb1 Qxe4 14.
Qd2 Qc6 15. Qb4 a5 16. Qb3 O-O 17. Bb5 Qd6 18. c4 Be4+ 19. Ka1 Qxh2 20. f3 Bh7
21. Qe3 c6 22. Ba4 Qc7 23. Ne2 d5 24. cxd5 exd5 25. Nf4 Nd7 26. Rc1 Rfe8 27.
Qb3 Qxf4 28. Qc3 b5 29. Bc2 Qxc1+ 30. Bb1 Qxb1# 0-1

[Event "Junior Online 4NCL Division 5"]
[Site "online"]
[Date "2020.05.28"]
[Round "7.44"]
[White "Anbu, Rajkumar"]
[Black "Joshi, Aarav"]
[Result "0-1"]
[WhiteElo "813"]
[BlackElo "1150"]
[PlyCount "66"]
[EventDate "2020.05.28"]
[WhiteTeam "Phones Junior A"]
[BlackTeam "May the Fork Be With You 2"]

1. e4 c5 2. c4 Nc6 3. Nf3 e5 4. Nc3 d6 5. h3 Nf6 6. Be2 Be7 7. O-O O-O 8. d3
Bd7 9. Nd5 Nxd5 10. exd5 Nd4 11. Nxd4 cxd4 12. Bg4 f5 13. Bf3 Rc8 14. g4 f4 15.
b3 Bg5 16. Ba3 Qf6 17. Rc1 b6 18. b4 Qh6 19. Bg2 f3 20. Bxf3 Bxc1 21. Bxc1 Qxh3
22. Be4 Bxg4 23. Qc2 Rf7 24. Ba3 Rcf8 25. c5 bxc5 26. bxc5 dxc5 27. Bxc5 Rc8
28. d6 Bf5 29. Bd5 Be6 30. Bxe6 Qxe6 31. Rc1 Qg6+ 32. Kf1 Rd7 33. Qc4+ Kh8 0-1

[Event "Junior Online 4NCL Division 5"]
[Site "online"]
[Date "2020.05.28"]
[Round "7.45"]
[White "Sharan, Kartike"]
[Black "Valanju, Samit"]
[Result "1-0"]
[WhiteElo "1140"]
[BlackElo "1367"]
[PlyCount "101"]
[EventDate "2020.05.28"]
[WhiteTeam "Phones Junior A"]
[BlackTeam "May the Fork Be With You 2"]

1. e4 e6 2. d4 d5 3. e5 Nc6 4. Nf3 Nb8 5. c4 c5 6. cxd5 exd5 7. Bb5+ Nc6 8.
dxc5 Bxc5 9. Qc2 Qa5+ 10. Nc3 d4 11. Qa4 Qxa4 12. Nxa4 Bd7 13. Bxc6 Bxc6 14.
Nxc5 Bxf3 15. gxf3 Ne7 16. Nxb7 O-O 17. Bg5 Nf5 18. Rg1 g6 19. h4 Rab8 20. Nd6
Nxd6 21. exd6 Rfe8+ 22. Kd2 a5 23. d7 Red8 24. Bxd8 Rxd8 25. Rae1 Rxd7 26. h5
Kg7 27. f4 a4 28. f5 Rb7 29. hxg6 hxg6 30. Kc2 Rc7+ 31. Kd3 Rd7 32. Re4 Kf6 33.
fxg6 fxg6 34. Reg4 Ke5 35. Rxg6 Rb7 36. R6g5+ Kd6 37. Ra5 Re7 38. Rg6+ Re6 39.
Ra6+ Kd5 40. Rgxe6 Kc5 41. Re5+ Kb4 42. a3+ Kb3 43. Rb5+ Ka2 44. Kxd4 Ka1 45.
Kc3 Ka2 46. b3 axb3 47. Rxb3 Ka1 48. Rh6 Ka2 49. Rb2+ Kxa3 50. Rh1 Ka4 51. Ra1#
1-0

[Event "Junior Online 4NCL Division 5"]
[Site "online"]
[Date "2020.05.28"]
[Round "7.46"]
[White "Lyons, Joseph"]
[Black "Vadalia, Jainill"]
[Result "0-1"]
[WhiteElo "1277"]
[BlackElo "1123"]
[PlyCount "62"]
[EventDate "2020.05.28"]
[WhiteTeam "May the Fork Be With You 2"]
[BlackTeam "Phones Junior A"]

1. e4 b6 2. d4 Bb7 3. Nc3 e6 4. Bc4 d5 5. exd5 exd5 6. Qe2+ Be7 7. Bd3 Nf6 8.
Nf3 O-O 9. O-O Re8 10. Be3 c5 11. Bb5 Nbd7 12. Qd3 a6 13. Bxd7 Qxd7 14. Ne5 Qc7
15. Bf4 Bd6 16. Rfe1 Ne4 17. Nxe4 dxe4 18. Qg3 cxd4 19. Rad1 Bxe5 20. Bxe5 Qxe5
21. Qb3 b5 22. g3 Bd5 23. Qb4 Rad8 24. Qc5 Rc8 25. Qb6 Rc6 26. Qa7 Rxc2 27.
Qxa6 e3 28. Rf1 e2 29. Rb1 exf1=Q+ 30. Kxf1 Qe2+ 31. Kg1 Qxf2# 0-1

[Event "Junior Online 4NCL Division 5"]
[Site "online"]
[Date "2020.05.28"]
[Round "7.47"]
[White "Lukhi, Neev"]
[Black "Gill, Veer"]
[Result "1-0"]
[WhiteElo "969"]
[BlackElo "1285"]
[PlyCount "101"]
[EventDate "2020.05.28"]
[WhiteTeam "Phones Junior A"]
[BlackTeam "May the Fork Be With You 2"]

1. e4 e5 2. Nf3 Nc6 3. Bc4 Bc5 4. Nc3 Nf6 5. d3 h6 6. O-O O-O 7. Be3 Bb6 8. Nd5
Nxd5 9. exd5 Bxe3 10. fxe3 Ne7 11. Nxe5 d6 12. Nf3 Bg4 13. Qd2 Bxf3 14. Rxf3
Ng6 15. Raf1 Ne5 16. Rg3 Qh4 17. Rf4 Nxc4 18. Rxc4 Qf6 19. c3 Qe5 20. e4 b5 21.
Rxc7 Qf6 22. Qf2 Qd8 23. Rc6 Qd7 24. Qf4 Kh7 25. Rxd6 Qc7 26. e5 Qc5+ 27. Qe3
Qxe3+ 28. Rxe3 Rfd8 29. Rxd8 Rxd8 30. d6 Kg6 31. e6 Rxd6 32. e7 Re6 33. Rxe6+
fxe6 34. e8=Q+ Kf6 35. Qxb5 e5 36. Qa6+ Kf5 37. Qxa7 Kf4 38. Qxg7 Ke3 39. Qxe5+
Kxd3 40. a4 Kc2 41. a5 Kxb2 42. a6 Kb1 43. a7 Kc2 44. a8=Q Kb3 45. Qc6 Kc2 46.
Qe2+ Kb3 47. c4 Kc3 48. Qcf3+ Kb4 49. c5 Ka5 50. Qb7 h5 51. Qa2# 1-0

[Event "Junior Online 4NCL Division 5"]
[Site "online"]
[Date "2020.05.28"]
[Round "7.48"]
[White "Joshi, Aarav"]
[Black "Anbu, Rajkumar"]
[Result "1-0"]
[WhiteElo "1150"]
[BlackElo "813"]
[PlyCount "95"]
[EventDate "2020.05.28"]
[WhiteTeam "May the Fork Be With You 2"]
[BlackTeam "Phones Junior A"]

1. e4 e5 2. Nf3 Nc6 3. Bc4 Nh6 4. c3 Bd6 5. d4 exd4 6. cxd4 Bb4+ 7. Nc3 Bxc3+
8. bxc3 O-O 9. O-O d6 10. h3 Be6 11. d5 Na5 12. dxe6 Nxc4 13. Bg5 Qc8 14. e7
Re8 15. Rb1 f6 16. Bxh6 gxh6 17. Qd5+ Kh8 18. Qxc4 Rxe7 19. Qd4 Qe6 20. Rxb7
Rg8 21. Kh2 Reg7 22. Rg1 c5 23. Qd2 Rxb7 24. Rd1 Rbg7 25. g3 Qxe4 26. Nh4 d5
27. Qxd5 Qxd5 28. Rxd5 Rg5 29. Rd7 a5 30. Ra7 c4 31. Nf3 Rb5 32. Kg2 Rgb8 33.
Nd4 R5b7 34. Rxa5 Rd7 35. a4 Rb2 36. Ra8+ Kg7 37. a5 Rdb7 38. a6 Rb8 39. Ra7+
Kg6 40. g4 f5 41. gxf5+ Kf6 42. Rxh7 Rg8+ 43. Kf3 h5 44. a7 Ra2 45. Rh6+ Kg5
46. Rh7 Kh4 47. f6 Kxh3 48. Rxh5# 1-0

[Event "Junior Online 4NCL Division 5"]
[Site "online"]
[Date "2020.05.28"]
[Round "7.51"]
[White "Dholakia, Kanish"]
[Black "Weedon, Oscar"]
[Result "1-0"]
[WhiteElo "771"]
[BlackElo "1352"]
[PlyCount "91"]
[EventDate "2020.05.28"]
[WhiteTeam "Phones Junior B"]
[BlackTeam "Wey 2"]

1. e4 c5 2. Nf3 Nc6 3. Nc3 e6 4. a3 g6 5. Bc4 Bg7 6. h3 a6 7. O-O b5 8. Ra2
bxc4 9. Ra1 Nge7 10. Na4 Qa5 11. Nc3 O-O 12. d3 cxd3 13. Qxd3 e5 14. Bd2 Qc7
15. Na4 d6 16. Rad1 Be6 17. Nc3 c4 18. Qe3 f5 19. Ng5 Qd7 20. f3 f4 21. Qe2 Bh6
22. Nxe6 Qxe6 23. Bc1 Nd4 24. Qf2 Ra7 25. Na4 Qd7 26. Nb6 Qc6 27. Nd5 Nxd5 28.
exd5 Qxd5 29. Kh1 Qe6 30. c3 Nf5 31. Qxa7 Ng3+ 32. Kg1 Nxf1 33. Kxf1 d5 34. Qc5
Rd8 35. Qc7 Rc8 36. Qa5 d4 37. cxd4 exd4 38. Rxd4 Bg7 39. Re4 Qd7 40. Rxf4 Qd1+
41. Qe1 Qd3+ 42. Kf2 Bd4+ 43. Kg3 Bg7 44. Qe6+ Kh8 45. Qxc8+ Qd8 46. Qxd8+ 1-0

[Event "Junior Online 4NCL Division 5"]
[Site "online"]
[Date "2020.05.28"]
[Round "7.52"]
[White "Naef Schmid, Ianto"]
[Black "Benson, Alice"]
[Result "0-1"]
[WhiteElo "1307"]
[BlackElo "740"]
[PlyCount "94"]
[EventDate "2020.05.28"]
[WhiteTeam "Wey 2"]
[BlackTeam "Phones Junior B"]

1. e4 c6 2. d4 d5 3. e5 Bf5 4. Nf3 e6 5. Nc3 c5 6. dxc5 Bxc5 7. Be2 Ne7 8. O-O
O-O 9. Bd3 Bxd3 10. Qxd3 Ng6 11. Qb5 Bb6 12. Qd3 Nc6 13. Re1 Qc7 14. Qe2 Ba5
15. Bd2 Qb6 16. Rab1 Nb4 17. Be3 Qc7 18. a3 Nc6 19. b4 Bb6 20. Bxb6 Qxb6 21. b5
Na5 22. Rbd1 Rac8 23. Ne4 Nc4 24. Ng3 Nxa3 25. Ng5 Rxc2 26. Qxc2 Nxc2 27. Re2
Na3 28. Re3 Nc4 29. Rf3 Qxb5 30. Ne2 Ncxe5 31. Re3 f6 32. Nxe6 Qc6 33. Nxf8
Kxf8 34. h3 Kf7 35. Re1 a6 36. Kf1 b5 37. Nd4 Qc5 38. Nb3 Qc4+ 39. Kg1 Qb4 40.
Kf1 a5 41. Nxa5 Qxa5 42. Kg1 b4 43. Rb1 Qb5 44. Reb3 Nc4 45. Rxb4 Qc5 46. R4b3
Nd2 47. Rb7+ Kg8 0-1

[Event "Junior Online 4NCL Division 5"]
[Site "online"]
[Date "2020.05.28"]
[Round "7.53"]
[White "Kumar, Kabir"]
[Black "Mandell, Eli"]
[Result "1-0"]
[WhiteElo "729"]
[BlackElo "1232"]
[PlyCount "53"]
[EventDate "2020.05.28"]
[WhiteTeam "Phones Junior B"]
[BlackTeam "Wey 2"]

1. d4 e5 2. c4 exd4 3. Qxd4 c5 4. Qd1 Nc6 5. Nc3 Nf6 6. Nf3 d6 7. Bg5 Bf5 8.
Nd5 Be7 9. Nxf6+ Bxf6 10. Bxf6 Qxf6 11. e3 Qxb2 12. Be2 O-O-O 13. Ng5 Rdf8 14.
O-O f6 15. Nf3 Bc2 16. Qxd6 Rd8 17. Qe6+ Rd7 18. Nh4 g5 19. Bg4 Rhd8 20. Nf3
Ne5 21. Nxe5 fxe5 22. Qd5 h5 23. Bxd7+ Rxd7 24. Qg8+ Rd8 25. Qxg5 Bd3 26. Rfd1
Bxc4 27. Qxd8# 1-0

[Event "Junior Online 4NCL Division 5"]
[Site "online"]
[Date "2020.05.28"]
[Round "7.54"]
[White "Mercer, Harry"]
[Black "Srivastava, Aditya"]
[Result "1-0"]
[WhiteElo "992"]
[BlackElo "654"]
[PlyCount "85"]
[EventDate "2020.05.28"]
[WhiteTeam "Wey 2"]
[BlackTeam "Phones Junior B"]

1. e4 e6 2. Nc3 Bc5 3. Nf3 Nf6 4. d4 Be7 5. Bd3 O-O 6. O-O b6 7. e5 Ng4 8. h3
Nh6 9. Be4 d5 10. Bd3 Bb7 11. Bxh6 gxh6 12. Qd2 Bg5 13. Nxg5 Qxg5 14. Qxg5+
hxg5 15. f4 gxf4 16. Rxf4 Nc6 17. Rh4 Nb4 18. Bxh7+ Kg7 19. Rf1 Rh8 20. Rg4+
Kxh7 21. Rxf7+ Kh6 22. Rfg7 Nxc2 23. Rxc7 Rab8 24. Nb5 a6 25. Nd6 Rh7 26. Rh4+
Kg6 27. Rhxh7 Ba8 28. Rhg7+ Kh5 29. g4+ Kh4 30. Rxc2 Kxh3 31. Rh2+ Kg3 32. g5
Rf8 33. Rg2+ Kf4 34. Rf2+ Ke3 35. Rxf8 Bc6 36. Rgf7 Kd3 37. g6 Kxd4 38. g7 Kxe5
39. g8=Q Kxd6 40. Qg3+ Kc5 41. Qc3+ Kd6 42. Rd8+ Bd7 43. Rfxd7# 1-0

[Event "Junior Online 4NCL Division 5"]
[Site "online"]
[Date "2020.05.28"]
[Round "7.55"]
[White "Weedon, Oscar"]
[Black "Dholakia, Kanish"]
[Result "1-0"]
[WhiteElo "1352"]
[BlackElo "771"]
[PlyCount "101"]
[EventDate "2020.05.28"]
[WhiteTeam "Wey 2"]
[BlackTeam "Phones Junior B"]

1. e3 e5 2. d4 f6 3. Nc3 exd4 4. exd4 Nc6 5. b3 Bb4 6. Bb2 b6 7. Qe2+ Nge7 8.
O-O-O Bb7 9. Nf3 d6 10. g3 Qd7 11. h4 O-O-O 12. Bh3 f5 13. Ng5 Qe8 14. Rhe1 h6
15. Ne6 Rd7 16. Nxg7 Qf7 17. Ne6 Ng6 18. a3 Bxc3 19. Bxc3 Re7 20. d5 Nd8 21.
Qd3 Nxe6 22. dxe6 Qf8 23. Bxh8 Qxh8 24. Bxf5 Ne5 25. Qc3 Qf6 26. g4 h5 27. f4
Nxg4 28. Qxf6 Nxf6 29. Rg1 a6 30. Rg6 Ne8 31. Rh6 Ng7 32. Rh8+ Ne8 33. Re1 c6
34. Bg6 Kd8 35. f5 c5 36. f6 Bc6 37. fxe7+ Kxe7 38. Rxh5 Nf6 39. Rg5 Kf8 40.
e7+ Kg7 41. e8=Q Bxe8 42. Bxe8+ Kf8 43. Rf5 Kg7 44. Re7+ Kf8 45. Re6 d5 46.
Rfxf6+ Kg7 47. Rxb6 c4 48. bxc4 dxc4 49. h5 Kh7 50. Rb7+ Kh8 51. Rf8# 1-0

[Event "Junior Online 4NCL Division 5"]
[Site "online"]
[Date "2020.05.28"]
[Round "7.56"]
[White "Benson, Alice"]
[Black "Naef Schmid, Ianto"]
[Result "1-0"]
[WhiteElo "740"]
[BlackElo "1307"]
[PlyCount "55"]
[EventDate "2020.05.28"]
[WhiteTeam "Phones Junior B"]
[BlackTeam "Wey 2"]

1. d4 Nf6 2. c4 g6 3. Nc3 Bg7 4. Nf3 d6 5. e3 O-O 6. Be2 Nbd7 7. O-O e5 8. dxe5
dxe5 9. b3 e4 10. Nd2 Re8 11. Qc2 Nc5 12. Ba3 Ncd7 13. Rad1 Kh8 14. Ndxe4 Nxe4
15. Nxe4 Nf6 16. Rxd8 Rxd8 17. Nxf6 Bxf6 18. Bb2 Bxb2 19. Qxb2+ Kg8 20. Rd1 Be6
21. Rxd8+ Rxd8 22. h3 Bf5 23. f3 Be6 24. e4 f6 25. Qxf6 Re8 26. Kf2 Bc8 27. Ke3
Rf8 28. Qe7 1-0

[Event "Junior Online 4NCL Division 5"]
[Site "online"]
[Date "2020.05.28"]
[Round "7.57"]
[White "Mandell, Eli"]
[Black "Kumar, Kabir"]
[Result "1/2-1/2"]
[WhiteElo "1232"]
[BlackElo "729"]
[PlyCount "187"]
[EventDate "2020.05.28"]
[WhiteTeam "Wey 2"]
[BlackTeam "Phones Junior B"]

1. d4 d5 2. c4 e6 3. Bf4 Nf6 4. Nc3 Bb4 5. Qa4+ Bd7 6. Qxb4 Nc6 7. Qxb7 Rb8 8.
Qa6 Bc8 9. Qxc6+ Bd7 10. Qc5 Rxb2 11. Qxc7 Qe7 12. Bd6 Qd8 13. Qxd8+ Kxd8 14.
cxd5 exd5 15. Nf3 Re8 16. e3 Rc2 17. Ne2 Ne4 18. Rc1 Rxc1+ 19. Nxc1 Nxd6 20.
Ne5 f6 21. Nxd7 Kxd7 22. Nb3 Ke7 23. Bd3 Kf8 24. Kd2 Ne4+ 25. Bxe4 dxe4 26. Nc5
f5 27. Nd7+ Kf7 28. Ne5+ Kg8 29. Rc1 Rb8 30. Nc6 Rb2+ 31. Kd1 Rxf2 32. Nxa7
Rxa2 33. Rc8+ Kf7 34. Nb5 Ra1+ 35. Ke2 Ra2+ 36. Kf1 Ra1+ 37. Kf2 Ra2+ 38. Kg3
g5 39. Rc7+ Ke6 40. Nc3 Ra3 41. d5+ Kd6 42. Rc6+ Ke5 43. Kf2 Rb3 44. d6 Rb2+
45. Ne2 Rd2 46. Rc5+ Ke6 47. Ke1 Rxd6 48. Nd4+ Kf6 49. Rxf5+ Kg6 50. Kf2 h5 51.
h3 Ra6 52. Kg3 h4+ 53. Kg4 Ra1 54. Rxg5+ Kf6 55. Kxh4 Re1 56. Rf5+ Kg6 57. Rg5+
Kf6 58. Rg3 Ke5 59. Nc6+ Kd5 60. Nb4+ Ke5 61. Nc6+ Kd5 62. Ne7+ Ke5 63. Ng6+
Kd5 64. Nf4+ Ke5 65. Rg5+ Kd6 66. Rd5+ Kc6 67. g4 Rxe3 68. g5 Rf3 69. Kg4 Rxf4+
70. Kxf4 Kxd5 71. Ke3 Ke5 72. g6 Kf6 73. Kxe4 Kxg6 74. Kf4 Kh5 75. Kg3 Kg5 76.
h4+ Kh5 77. Kh3 Kh6 78. Kg4 Kg6 79. h5+ Kh6 80. Kh4 Kh7 81. Kg5 Kg7 82. h6+ Kh7
83. Kh5 Kg8 84. Kg6 Kh8 85. Kg5 Kh7 86. Kh5 Kh8 87. Kg6 Kg8 88. Kf6 Kh7 89. Kg5
Kg8 90. Kg6 Kh8 91. Kh5 Kh7 92. Kg5 Kg8 93. Kf5 Kh7 94. Kg5 1/2-1/2

[Event "Junior Online 4NCL Division 5"]
[Site "online"]
[Date "2020.05.28"]
[Round "7.58"]
[White "Srivastava, Aditya"]
[Black "Mercer, Harry"]
[Result "1-0"]
[WhiteElo "654"]
[BlackElo "992"]
[PlyCount "139"]
[EventDate "2020.05.28"]
[WhiteTeam "Phones Junior B"]
[BlackTeam "Wey 2"]

1. e4 e5 2. Nf3 Nf6 3. Nxe5 Nc6 4. Nxc6 dxc6 5. Qe2 Bc5 6. Nc3 O-O 7. b3 Bd4 8.
Bb2 Bxc3 9. Bxc3 Re8 10. d3 Bg4 11. f3 Be6 12. g3 a5 13. Bg2 b5 14. Bxf6 Qxf6
15. O-O Qd4+ 16. Qf2 Qxf2+ 17. Rxf2 a4 18. bxa4 Rxa4 19. f4 Rxa2 20. Rxa2 Bxa2
21. c4 Ra8 22. Rc2 Bb3 23. Rc3 Ba4 24. cxb5 Bxb5 25. Bf1 Kf8 26. d4 Ra1 27. Rf3
Ke7 28. Kg2 Bxf1+ 29. Rxf1 Rxf1 30. Kxf1 Kd6 31. Ke2 c5 32. dxc5+ Kxc5 33. Kd3
Kd6 34. Kd4 c5+ 35. Kc4 Kc6 36. e5 h6 37. h4 g6 38. g4 Kb6 39. g5 h5 40. Kd5
Kb5 41. Ke4 c4 42. Kd4 Kb4 43. Kd5 c3 44. e6 c2 45. e7 c1=Q 46. e8=Q Qd2+ 47.
Kc6 Qc2+ 48. Kb6 Qc5+ 49. Kb7 Qb5+ 50. Qxb5+ Kxb5 51. Kc7 Kc5 52. Kd7 Kd5 53.
Ke7 Ke4 54. Kxf7 Kxf4 55. Kxg6 Kg4 56. Kh6 Kxh4 57. g6 Kg4 58. g7 h4 59. g8=Q+
Kf3 60. Qf7+ Kg2 61. Qh5 Kh2 62. Qxh4+ Kg2 63. Qf4 Kh3 64. Qg5 Kh2 65. Kg6 Kh3
66. Kf5 Kh2 67. Kf4 Kh3 68. Kf3 Kh2 69. Qg3+ Kh1 70. Qg2# 1-0

[Event "Junior Online 4NCL Division 5"]
[Site "online"]
[Date "2020.05.28"]
[Round "7.61"]
[White "Patel, Zain"]
[Black "Evans, Ruben"]
[Result "1/2-1/2"]
[WhiteElo "1472"]
[BlackElo "1727"]
[PlyCount "131"]
[EventDate "2020.05.28"]
[WhiteTeam "Hammersmith 2"]
[BlackTeam "Blackburn's Rovers"]

1. e4 e6 2. d4 d5 3. Nc3 Nf6 4. Bg5 dxe4 5. Nxe4 Be7 6. Nxf6+ gxf6 7. Bf4 c5 8.
dxc5 Qxd1+ 9. Rxd1 Bxc5 10. Bc7 O-O 11. Nf3 Nc6 12. Bf4 e5 13. Bg3 Bg4 14. h3
Bxf3 15. gxf3 Nd4 16. Bd3 Nxf3+ 17. Kf1 Rad8 18. Be2 Nd4 19. Bd3 Rfe8 20. Rg1
Nf3 21. Rg2 Kh8 22. Be2 Nd4 23. Bh4 Be7 24. Bd3 Rg8 25. Rxg8+ Rxg8 26. c3 Ne6
27. Be4 Nc5 28. Bd5 Rd8 29. Bf3 Rxd1+ 30. Bxd1 Kg7 31. f3 Nd3 32. b3 Nc1 33. a4
Na2 34. c4 Bb4 35. Bf2 b6 36. Kg2 f5 37. Kg3 Nc1 38. f4 e4 39. Be3 Nd3 40. Be2
Bc5 41. Bd2 Nb4 42. Kh4 e3 43. Bc3+ f6 44. Kg3 Nc6 45. Kf3 Nd4+ 46. Kxe3 Nxb3+
47. Kd3 Nc1+ 48. Kd2 Nxe2 49. Kxe2 Kg6 50. Kf3 Be7 51. Be1 Kh5 52. Kg3 h6 53.
Kf3 Kg6 54. Kg3 h5 55. Kf3 Bc5 56. Kg3 a5 57. Kf3 Bd6 58. Kg3 Kg7 59. Kf3 Kf7
60. Kg3 Ke7 61. Bd2 Bb4 62. Bc1 Be1+ 63. Kf3 Kd6 64. Be3 Kc6 65. Ke2 Bh4 66.
Kf3 1/2-1/2

[Event "Junior Online 4NCL Division 5"]
[Site "online"]
[Date "2020.05.28"]
[Round "7.62"]
[White "Cooper, Dylan E"]
[Black "Ward, Cian"]
[Result "0-1"]
[WhiteElo "1277"]
[BlackElo "1465"]
[PlyCount "74"]
[EventDate "2020.05.28"]
[WhiteTeam "Blackburn's Rovers"]
[BlackTeam "Hammersmith 2"]

1. d4 d5 2. c4 c6 3. Nf3 Nf6 4. cxd5 cxd5 5. Nc3 Bf5 6. Bf4 Nc6 7. e3 e6 8. Bb5
Bb4 9. Qa4 Bxc3+ 10. bxc3 Qb6 11. Bd6 a6 12. Bxc6+ Qxc6 13. Qxc6+ bxc6 14. O-O
Ne4 15. Bf4 Nxc3 16. Ne5 Rc8 17. Kh1 f6 18. Nf3 Ne2 19. Rfe1 Nxf4 20. exf4 Kf7
21. h3 Rb8 22. Rac1 Rb6 23. Nd2 Rb2 24. Nb3 Rc8 25. f3 Rxa2 26. g4 Bd3 27. Nc5
Be2 28. Rc3 Re8 29. Re3 Bc4 30. f5 e5 31. dxe5 fxe5 32. Rxe5 Rxe5 33. Rxe5 Re2
34. f4 Kf6 35. Re6+ Rxe6 36. fxe6 d4 37. e7 Kxe7 0-1

[Event "Junior Online 4NCL Division 5"]
[Site "online"]
[Date "2020.05.28"]
[Round "7.63"]
[White "Hatem, Mika"]
[Black "Stanley, Isaac"]
[Result "0-1"]
[WhiteElo "1450"]
[BlackElo "1165"]
[PlyCount "109"]
[EventDate "2020.05.28"]
[WhiteTeam "Hammersmith 2"]
[BlackTeam "Blackburn's Rovers"]

1. e4 e6 2. d4 d5 3. exd5 exd5 4. Bd3 c5 5. Nf3 Nc6 6. c3 Bg4 7. O-O Nf6 8.
Re1+ Be7 9. Bg5 Bxf3 10. Qxf3 O-O 11. dxc5 Bxc5 12. Qh3 g6 13. Qf3 Ne5 14. Qf4
Nxd3 15. Qxf6 Qxf6 16. Bxf6 Nxe1 17. Nd2 Rae8 18. Kf1 Nd3 19. b4 Bxf2 20. Nf3
Re6 21. Bg5 Rfe8 22. Rd1 Ne1 23. Kxf2 Nxf3 24. gxf3 Re2+ 25. Kg3 Rxa2 26. Bf6
Re6 27. Bg5 f6 28. Bh6 Ree2 29. Rxd5 Rg2+ 30. Kf4 Rxh2 31. Rd8+ Kf7 32. Rd7+
Ke6 33. Rxh7 g5+ 34. Ke4 f5+ 35. Kd4 Rad2+ 36. Kc4 Rd6 37. Kb3 Ke5 38. Bg7+ Kf4
39. Rxh2 Kxf3 40. Rh1 f4 41. Be5 Re6 42. Bd4 a6 43. Rf1+ Kg4 44. Rg1+ Kf5 45.
Rf1 g4 46. Kc2 f3 47. Kd3 Kf4 48. Kc4 g3 49. Ba7 g2 50. Rg1 Re2 51. Bb8+ Ke3
52. Ba7+ Kd2 53. Kd4 f2 54. Rxg2 f1=Q 55. Rh2 0-1

[Event "Junior Online 4NCL Division 5"]
[Site "online"]
[Date "2020.05.28"]
[Round "7.64"]
[White "Evans, Dylan"]
[Black "Harb, Laith A"]
[Result "1/2-1/2"]
[WhiteElo "1067"]
[BlackElo "1390"]
[PlyCount "69"]
[EventDate "2020.05.28"]
[WhiteTeam "Blackburn's Rovers"]
[BlackTeam "Hammersmith 2"]

1. d4 d5 2. c4 e6 3. Nc3 Nf6 4. Bf4 Be7 5. e3 O-O 6. Nf3 Nbd7 7. Bd3 dxc4 8.
Bxc4 b6 9. O-O Bb7 10. Rc1 c5 11. dxc5 Nxc5 12. Ne5 Qxd1 13. Rfxd1 Nh5 14. Nd7
Rfd8 15. Nxc5 Bxc5 16. Bg3 Nxg3 17. hxg3 h6 18. Na4 Rxd1+ 19. Rxd1 a6 20. Nxc5
bxc5 21. Rd7 Be4 22. f3 Bg6 23. Rc7 Rb8 24. b3 Bb1 25. Rxc5 Bxa2 26. Ra5 Bxb3
27. Bxb3 Rxb3 28. Kf2 Rb2+ 29. Kg1 Rb1+ 30. Kf2 Rb2+ 31. Kf1 Rb3 32. Kf2 Rb6
33. e4 Kh7 34. g4 Kg6 35. Kg3 1/2-1/2

[Event "Junior Online 4NCL Division 5"]
[Site "online"]
[Date "2020.05.28"]
[Round "7.65"]
[White "Evans, Ruben"]
[Black "Patel, Zain"]
[Result "1/2-1/2"]
[WhiteElo "1727"]
[BlackElo "1472"]
[PlyCount "52"]
[EventDate "2020.05.28"]
[WhiteTeam "Blackburn's Rovers"]
[BlackTeam "Hammersmith 2"]

1. d4 Nf6 2. c4 g6 3. Nc3 Bg7 4. e4 d6 5. Bg5 O-O 6. Be2 Nbd7 7. h4 e5 8. d5 a5
9. h5 Nc5 10. Qc2 Bd7 11. h6 Bh8 12. O-O-O c6 13. Kb1 cxd5 14. Nxd5 Re8 15. f3
Re6 16. Nh3 Qb8 17. Nf2 Nxd5 18. exd5 Re8 19. Ne4 Nxe4 20. fxe4 f5 21. Rdf1
fxe4 22. Qxe4 Bf5 23. Rxf5 gxf5 24. Qxf5 Qc8 25. Qf2 Rf8 26. Qg3 Qf5+ 1/2-1/2

[Event "Junior Online 4NCL Division 5"]
[Site "online"]
[Date "2020.05.28"]
[Round "7.66"]
[White "Ward, Cian"]
[Black "Cooper, Dylan E"]
[Result "0-1"]
[WhiteElo "1465"]
[BlackElo "1277"]
[PlyCount "142"]
[EventDate "2020.05.28"]
[WhiteTeam "Hammersmith 2"]
[BlackTeam "Blackburn's Rovers"]

1. e4 c5 2. Nc3 Nc6 3. f4 d6 4. Nf3 g6 5. Bb5 Bd7 6. Bxc6 Bxc6 7. O-O Nf6 8. d3
Bg7 9. Qe1 O-O 10. Qh4 b5 11. f5 e5 12. Bh6 Nh5 13. Bxg7 Qxh4 14. Nxh4 Kxg7 15.
fxg6 fxg6 16. g3 b4 17. Ne2 a5 18. Kg2 Bd7 19. h3 Be6 20. g4 Nf4+ 21. Nxf4 exf4
22. Kh2 a4 23. Ng2 g5 24. h4 Bxg4 25. hxg5 Kg6 26. Nxf4+ Kxg5 27. Rf2 Rxf4 28.
Rxf4 Kxf4 29. Rf1+ Ke5 30. Kg3 Be6 31. Rh1 Rg8+ 32. Kf3 Rg7 33. Ke3 Bxa2 34.
Rh5+ Kf6 35. Rf5+ Ke7 36. e5 d5 37. Rf6 Rg5 38. Kf4 Rg6 39. Rf5 Ke6 40. Rf8 Ke7
41. Ra8 b3 42. c3 h5 43. Kf5 Rg2 44. Ra7+ Kd8 45. Ra8+ Kc7 46. e6 Rxb2 47. e7
Rf2+ 48. Kg5 Re2 49. e8=Q Rxe8 50. Rxe8 b2 51. Re1 b1=Q 52. Rxb1 Bxb1 53. Kxh5
Bxd3 54. Kg4 a3 55. Kf3 a2 56. Ke3 a1=Q 57. Kxd3 Qd1+ 58. Ke3 d4+ 59. Ke4 dxc3
60. Ke5 c2 61. Kf6 c1=Q 62. Kf7 Qe3 63. Kf8 c4 64. Kf7 c3 65. Kf8 c2 66. Kf7
c1=Q 67. Kf8 Qcc5+ 68. Kf7 Qdd5+ 69. Kg7 Qee5+ 70. Kh6 Qde6+ 71. Kh7 Qce7# 0-1